La fenomenología de Husserl como utopía de la razón /
Estudio que analiza por un lado el contexto filosófico en que se fraguó el pensamiento de Husserl (1859-1938), fenomenólogo alemán, y por otro, los conceptos básicos de su fenomenología, así como una reflexión sobre su etapa de madurez intelectual.
Збережено в:
| Автор: | |
|---|---|
| Формат: | Книга |
| Мова: | Іспанська |
| Опубліковано: |
Barcelona, España :
Anthropos,
1987, c1987
|
| Серія: | (Autores, Textos y Temas. Filosofía ;
10) |
| Предмети: | |
| Теги: |
Немає тегів, Будьте першим, хто поставить тег для цього запису!
|
MARC
| LEADER | 00000nam^a2200000^a^4500 | ||
|---|---|---|---|
| 001 | 000380935 | ||
| 005 | 20250521000000.0 | ||
| 009 | 20260310120629.669 | ||
| 020 | |a 84-7658-046-0 | ||
| 037 | |a Acervo Xavier Clavigero | ||
| 041 | |a ESP | ||
| 082 | |a 142. 7 |b HUS EST SAN | ||
| 100 | |a San Martín Sala, Javier |e (autor) | ||
| 245 | 1 | 3 | |a La fenomenología de Husserl como utopía de la razón / |c J. San Martín Sala. |
| 264 | 4 | |a Barcelona, España : |b Anthropos, |c 1987, c1987 | |
| 300 | |a 203 p. | ||
| 336 | |a texto |b txt |2 rdacontenido | ||
| 337 | |a sin mediación |b n |2 rdamedio | ||
| 338 | |a volumen |b nc |2 rdasoporte | ||
| 440 | 1 | |a (Autores, Textos y Temas. |p Filosofía ; |v 10) | |
| 520 | |a Estudio que analiza por un lado el contexto filosófico en que se fraguó el pensamiento de Husserl (1859-1938), fenomenólogo alemán, y por otro, los conceptos básicos de su fenomenología, así como una reflexión sobre su etapa de madurez intelectual. | ||
| 649 | |a XX | ||
| 650 | |a Filósofos Alemanes | ||
| 650 | |a Intencionalidad | ||
| 650 | |a Representación (Filosofía) | ||
| 650 | |a Ontología | ||
| 650 | |a Epistemología | ||
| 650 | |a Fenomenología - |x Historia y Crítica - |x Tema Principal | ||
| 650 | |a Filosofía Europea - |x Historia y Crítica | ||
| 650 | |a Filosofía del Siglo XX - |x Historia y Crítica | ||
| 650 | |a Filosofía Alemana - |x Historia y Crítica | ||
| 650 | |a Husserl, Edmund - |x Tema Principal | ||
| 910 | |a Fondo General | ||
| 920 | |a Impresos - Libros | ||
| 930 | |a Colección General | ||
| 905 | |a 101 | ||
| 901 | |a 020011 |b IT1 |c ACC |u 20250521 | ||
| 902 | |a https://opac.biblio.iteso.mx/vufind/Record/000380935 | ||